| 000 | 00417nam a22001457a 4500 | ||
|---|---|---|---|
| 020 | _a9780804748407 | ||
| 040 | _cNUST | ||
| 082 |
_a658.4 _bMIL |
||
| 100 |
_aMiles, Raymond E. _9123127 |
||
| 110 |
_aSnow, Charles C. _9123128 |
||
| 245 | _aOrganizational Strategy, Structure, and Process | ||
| 260 |
_aCALIFORNIA: _bStanford University Press, _c2003. |
||
| 650 |
_aStrategisch Management _9123129 |
||
| 942 |
_2ddc _cBK |
||
| 999 |
_c609429 _d609429 |
||